The only way is up (Record no. 77215)
[ view plain ]
| 000 -LEADER | |
|---|---|
| fixed length control field | 00770cab a2200193 4500 |
| 001 - CONTROL NUMBER | |
| control field | ##L133807 |
| 008 - FIXED-LENGTH DATA ELEMENTS--GENERAL INFORMATION | |
| fixed length control field | 060612n2006 000 0 eng u |
| 035 ## - SYSTEM CONTROL NUMBER | |
| System control number | (Sirsi) u133807 |
| 041 0# - LANGUAGE CODE | |
| Language code of text/sound track or separate title | eng |
| 100 1# - MAIN ENTRY--PERSONAL NAME | |
| Personal name | Soltani, Sonia |
| 245 04 - TITLE STATEMENT | |
| Title | The only way is up |
| 260 ## - PUBLICATION, DISTRIBUTION, ETC. | |
| Date of publication, distribution, etc. | 2006 |
| 490 #0 - SERIES STATEMENT | |
| Series statement | Building |
| Volume/sequential designation | 271(8434) 9 June 2006, 42-45(4) |
| 520 ## - SUMMARY, ETC. | |
| Summary, etc. | Reports on the design and construction of a 17-storey, modular tower block for Thames Valley University in west London. It is the tallest modular construction in the UK, and posed particular problems of lateral stability and differential movement between components. |
| 590 ## - LOCAL NOTE (RLIN) | |
| Local note | IKA200606 |
| 651 #4 - SUBJECT ADDED ENTRY--GEOGRAPHIC NAME | |
| Geographic name | LONDON |
| 690 ## - LOCAL SUBJECT ADDED ENTRY--TOPICAL TERM (OCLC, RLIN) | |
| Topical term or geographic name as entry element | BUILT ENVIRONMENT-CONSTRUCTION MANAGEMENT-CONSTRUCTION DESIGN AND MANAGEMENT |
| 942 ## - ADDED ENTRY ELEMENTS (KOHA) | |
| Suppress in OPAC | 0 |
| Withdrawn status | Lost status | Source of classification or shelving scheme | Damaged status | Not for loan | Home library | Current library | Shelving location | Date acquired | Total Checkouts | Full call number | Barcode | Date last seen | Copy number | Price effective from | Koha item type |
|---|---|---|---|---|---|---|---|---|---|---|---|---|---|---|---|
| Dewey Decimal Classification | London | London | Journal article | 12/06/2006 | L133807 | 133807-1001 | 06/08/2019 | 1 | 06/08/2019 | Journal article |